Statistics for Australia... or Brazil?

Click here to take the quiz!

General Stats

  • This quiz has been taken 88 times
  • The average score is 9 of 16

Answer Stats

QuestionAnswer% Correct
Is a Commonwealth memberAustralia
83%
Has the largest sand island in the worldAustralia
81%
Is home to the largest Japanese community living outside JapanBrazil
69%
Has tropical, temperate, and semiarid climateBoth
68%
Is home to 21 of the world’s 25 most venomous snakesAustralia
67%
Had devastating fires in its natural environment in 2019Both
65%
Has more than 500 airportsBrazil
63%
Has the longest national highway in the worldAustralia
56%
Has a 'green and yellow' soccer team t-shirtBoth
56%
Became a sovereign country before the 1900sBrazil
51%
Is home to the golden lancehead vipers, one of the deadliest snakes in the worldBrazil
46%
Has a GDP in trillions of dollarsBoth
43%
Recognizes nationality by birth (when someone is born in the country automatically becomes a citizen)Brazil
43%
Has the largest living structure on EarthAustralia
42%
Has more than 85% of its population living in urban areasBoth
35%
Has a greater east-west distanceBrazil
32%

Score Distribution

Percentile by Number Answered

Percent of People with Each Score

Your Score History

You have not taken this quiz